000
00259nam a2200109Ia 4500
008
220204s9999 xx 000 0 und d
082
_a
82-3
_b
CHR
100
_a
Christie, Agatha
245
0
_a
Lord Edgware dies
260
_a
Glasgow
_b
Fontana
_c
1978
942
_c
BK
999
_c
34038
_d
34038